ბათუმის შოთა რუსთაველის სახელმწიფო უნივერსიტეტის ბიბლიოთეკა

ევროპისა და ამერიკის ქვეყნების უახლესი ისტორია, 1918-1945 წწ. : (ბიბ.ჩანაწერი № 56217)

000 -ლიდერი
ფიქსირებული სიგრძის საკონტროლო ველი 01094nam a2200229Ia 4500
001 - საკონტროლო ნომერი
საკონტროლო ველი 23318
003 - საკონტროლო ნომრის იდენტიფიკატორი
საკონტროლო ველი GE_BSU
005 - ბოლო ოპერაციის თარიღი და დრო
საკონტროლო ველი 20210223153246.0
008 - ფიქსირებული სიგრძის მონაცემთა ელემენტები - ზოგადი ინფორმაცია
ფიქსირებული სიგრძის საკონტროლო ველი 181216s1987||||ge |||||||||||||| ||geo||
040 ## - კატალოგიზაციის წყარო
Transcribing agency GE_BSU
041 ## - ენის კოდი
Language code of text/sound track or separate title geo
080 ## - უნივერსალური ათობითი კლასიფიკაციის ინდექსი
Universal Decimal Classification number 94(4)"1918-1945
100 ## - მთავარი ჩანაწერი - პიროვნების სახელი
Personal name ნანიტაშვილი, ნიკოლოზ
9 (RLIN) 10207
245 ## - ცნობა სათაურის შესახებ
Title ევროპისა და ამერიკის ქვეყნების უახლესი ისტორია, 1918-1945 წწ. :
Remainder of title ნაწ. 1.
Statement of responsibility, etc ნიკოლოზ ნანიტაშვილი, რედ. ზ. მოლაშხია.
250 ## - გამოცემის ცნობა
Edition statement მე-2 გადამუშ. გამოც.
264 ## - წარმოების, გამოცემის, დისტრიბუციის და სხვა ცნობები
გამოცემის, წარმოების, დისტრიბუციის... ადგილი თბილისი :
გამოცემის, წარმოების, დისტრიბუციის... სახელწოდება განათლება,
გამოცემის, წარმოების, დისტრიბუციის... თარიღი 1987.
300 ## - ფიზიკური აღწერა
Extent 533 გვ.
Other physical details 22 სმ.
653 ## - INDEX TERM--UNCONTROLLED
Uncontrolled term ევროპის ქვეყნების უახლესი ისტორია
653 ## - INDEX TERM--UNCONTROLLED
Uncontrolled term ამერიკის ქვეყნების უახლესი ისტორია
700 ## - ADDED ENTRY--PERSONAL NAME
Personal name მოლაშხია, ზ.
9 (RLIN) 3877
942 ## - ADDED ENTRY ELEMENTS (KOHA)
Koha item type წიგნი
Source of classification or shelving scheme
ეგზემპლარები
ჩამოწერის სტატუსი დაკარგული ეგზემპლარის სტატუსი კლასიფიკაციის წყარო ან თაროზე გაწყობის სქემა დაზიანების სტატუსი არ გაიცემა მუდმივი მდებარეობა (დაცვის ადგილი) ამჟამინდელი ადგილსამყოფელი შეძენის თარიღი ღირებულება, შესყიდვის ნორმალური ფასი სრული შენახვის შიფრი შტრიხკოდი ბოლო ოპერაციის თარიღი ეგზემპლარის მიმდევრობითი ნომერი (კეტერი?) ფასის ძალაში შესვლის თარიღი ეგზემპლარის სახეობა საჯარო შენიშვნა
          ბათუმის შოთა რუსთაველის სახელმწიფო უნივერსიტეტის მთავარი ბიბლიოთეკა ბათუმის შოთა რუსთაველის სახელმწიფო უნივერსიტეტის მთავარი ბიბლიოთეკა 2018-12-17 3.60 94(4) 28320 2018-12-17 28320 2018-12-17 წიგნი 3 ლ. 60 თ.